| 000 | 00479nam a22001817a 4500 | ||
|---|---|---|---|
| 999 |
_c20363 _d20363 |
||
| 003 | BDDh-ASL | ||
| 005 | 20231015025859.0 | ||
| 008 | 201230s1966 enk||||| |||| 00| 0 eng d | ||
| 040 | _cBDDh-ASL | ||
| 082 |
_a297.09 _bFAI |
||
| 100 | 1 |
_92659 _aRahman, Fazlur |
|
| 245 | 1 | 0 | _aIslam / |
| 260 |
_aLondon: _bWeidenfeld and Nicolson, _c1966. |
||
| 300 |
_a271 p.: _c22 cm. |
||
| 504 | _aInclude Bibliographical References and Index | ||
| 650 | 0 |
_91652 _aIslam |
|
| 942 |
_2ddc _cBK |
||